000 00946nam a2200253 a 4500
001 BRCA_6117
005 20190320205336.0
008 011010s1966----enka######---#000-0#eng-#
041 _aeng
044 _aenk
050 4 _aNK2205
_b.A76 1966
100 1 _aAronson, Joseph
_911877
245 1 0 _aThe Encyclopedia of Furniture
_cby Joseph Aronson.
260 _aGran Bretaña
_bB. T. Batsford
_c1966
300 _aix, 484 p.
_bil.
_c29 cm.
500 _aIncluye un glosario de los diseñadores y artesanos
500 _aDonación del Lic. Héctor Rivero B. (17 noviembre, 2010) y se encuentra en el Área de Investigación
500 _aEjemplar igual a Y187 (3a ed. 1965). Ver también D53 (4a reimp. 1941), Y125 (12a reimp. 1947) y 3127 (14a reimp. 1949)
504 _aBibliografía: p. 476-479
650 1 4 _aMuebles
_vDiccionarios
_911878
650 1 4 _aDecoración y ornamentación
_vDiccionarios
_91977
902 _aDHR
942 _2lcc
_cB
999 _c5804
_d5804